Statistics for Juventus Squad 2017-2018

Click here to take the quiz!

General Stats

  • This quiz has been taken 493 times
  • The average score is 19 of 26

Answer Stats

NbrPostNationalityPlayer% Correct
1GKItalyGianluigi Buffon
99%
10FWArgentinaPaulo Dybala
95%
3DFItalyGiorgio Chiellini
94%
4DFMoroccoMehdi Benatia
91%
5MFBosniaMiralem Pjanic
91%
6MFGermanySami Khedira
90%
9FWArgentinaGonzalo Higuain
89%
7MFColombiaJuan Cuadrado
88%
17FWCroatiaMario Mandzukic
86%
11FWBrazilDouglas Costa
83%
15DFItalyAndrea Barzagli
82%
14MFFranceBlaise Matuidi
81%
12DFBrazilAlex Sandro
79%
8MFItalyClaudio Marchisio
73%
-CoachItalyMassimiliano Allegri
73%
22MFGhanaKwadwo Asamoah
68%
23GKPolandWojciech Szczesny
68%
24DFItalyDaniele Rugani
63%
20FWCroatiaMarko Pjaca
60%
26DFSwitzerlandStephan Lichtsteiner
60%
2DFItalyMattia De Sciglio
59%
30MFUruguayRodrigo Bentancur
58%
21DFGermanyBenedikt Höwedes
55%
33FWItalyFederico Bernardeschi
49%
16GKItalyCarlo Pinsoglio
36%
27MFItalyStefano Sturaro
36%

Score Distribution

Percentile by Number Answered

Percent of People with Each Score

Your Score History

You have not taken this quiz